Normal view
MARC view
Entry Personal Name
001 - CONTROL NUMBER
- control field: 1218094
003 - CONTROL NUMBER IDENTIFIER
- control field: OSt
005 - DATE AND TIME OF LATEST TRANSACTION
- control field: 20260324144113.0
008 - FIXED-LENGTH DATA ELEMENTS
- fixed length control field: 260324|| aca||aabn | a|a d
040 ## - CATALOGING SOURCE
- Original cataloging agency: OSt
- Transcribing agency: OSt
100 ## - HEADING--PERSONAL NAME
- Personal name: B. Nilsen; J. Olsen
670 ## - SOURCE DATA FOUND
- Source citation: Work cat.: (OSt)1824294: B. Nilsen; J. Olsen, Storage of Gases in Rock Caverns
